Magyarságkép a 20. századi Mexikóban

Elmentve itt :
Bibliográfiai részletek
Szerző: Szente-Varga Mónika
Dokumentumtípus: Cikk
Megjelent: 2011
Sorozat:Tiszatáj 65 No. 1
Kulcsszavak:Közvélemény - mexikói - Magyarországról - 20. sz. - tanulmány, Karakter - nemzeti - magyar, Magyarok - Mexikó - története
Online Access:http://tiszataj.bibl.u-szeged.hu/20909
LEADER 00705nab a2200181 i 4500
001 tisza20909
005 20200331093508.0
008 170401s2011 hu o 0|| hun d
022 |a 0133-1167 
040 |a SZTE Tiszatáj Archívum  |b hun 
041 |a hun 
100 2 |a Szente-Varga Mónika 
245 1 0 |a Magyarságkép a 20. századi Mexikóban  |h [elektronikus dokumentum] /  |c  Szente-Varga Mónika 
260 |c 2011 
300 |a 80-88 
490 0 |a Tiszatáj  |v 65 No. 1 
695 |a Közvélemény - mexikói - Magyarországról - 20. sz. - tanulmány, Karakter - nemzeti - magyar, Magyarok - Mexikó - története 
856 4 0 |u http://tiszataj.bibl.u-szeged.hu/20909/1/tiszataj_2011_001_080-088.pdf  |z Dokumentum-elérés